[Event "Goch op 22nd"]
[Site "Goch"]
[Date "2011.09.29"]
[Round "1"]
[White "Maze, Sebastien"]
[Black "Roomer, Paul"]
[Result "1-0"]
[WhiteElo "2578"]
[BlackElo "1906"]
[PlyCount "61"]
[EventDate "2011.09.29"]
[EventType "swiss"]
[EventRounds "7"]
[EventCountry "GER"]
[SourceTitle "EXT 2014"]
[Source "ChessBase"]
[SourceDate "2013.11.20"]
[SourceVersion "1"]
[SourceVersionDate "2013.11.20"]
[SourceQuality "1"]

1. Nf3 d6 2. e4 e5 3. d4 Nd7 4. Nc3 Ngf6 5. g3 c6 6. Bg2 Qc7 7. a4 a5 8. 0-0 Be7 9. b3 Nf8 10. Ba3 Ng6 11. Qd2 0-0 12. Rad1 Bg4 13. h3 Bxf3 14. Bxf3 Rfd8 15. Bb2 h6 16. Bg2 Nd7 17. Rfe1 Bg5 18. Qd3 Bf6 19. d5 Nc5 20. Qf3 Qe7 21. Bf1 Nd7 22. h4 c5 23. Bc1 Ngf8 24. Bh3 Kh7 25. Nb5 Nb6 26. Qh5 Nbd7 27. Na3 Ng6 28. Nc4 Ndf8 29. Ne3 Bxh4 30. Nf5 Qf6 31. Nxh4 1-0